000 00823nab a2200241u 4500
001 17549
003 HDC
007 c| |||a|c|aaaa
008 210222b20140626my ||||| |||| 00| 0 may d
040 _aHDC
100 _aShahrizan Salian /
_eauthor
_98378
245 0 _a3 bank dapat anugerah CGC /
_cShahrizan Salian
336 _atext
_2rdacontent
337 _acomputer
_2rdamedia
338 _aonline resource
_2rdacarrier
650 _aCredit Guarantee Corporation Malaysia Berhad (CGC)
_915814
650 _asmall and medium enterprises (SME)
_97657
710 _aBERITA HARIAN
856 _zRequest full-text at [email protected]
942 _2lcc
942 _cNEWS
942 _kNWSC 004995
999 _c14865
_d14865